Strengths finder 2.0 / (Record no. 930)

MARC details
000 -LEADER
fixed length control field 02493cam a2200373 a 4500
005 - DATE AND TIME OF LATEST TRANSACTION
control field 20260322212039.0
008 - FIXED-LENGTH DATA ELEMENTS--GENERAL INFORMATION
fixed length control field data
010 ## - LIBRARY OF CONGRESS CONTROL NUMBER
LC control number 2006938575
020 ## - INTERNATIONAL STANDARD BOOK NUMBER
International Standard Book Number 9781595620156
020 ## - INTERNATIONAL STANDARD BOOK NUMBER
International Standard Book Number 159562015X
040 ## - CATALOGING SOURCE
Original cataloging agency IG#
Language of cataloging eng
Transcribing agency IG#
Modifying agency DLC
-- YDXCP
-- GK8
-- BTCTA
-- HNW
-- HKP
-- VP@
-- UPZ
-- P@N
-- XFG
-- SMP
-- CQU
-- DEBBG
-- DNF
-- LMR
-- FDA
-- SSPSL
-- BDX
-- TULIB
-- ALAUL
-- LMR
-- OCLCF
-- BEDGE
-- DLC
042 ## - AUTHENTICATION CODE
Authentication code lccopycat
050 00 - LIBRARY OF CONGRESS CALL NUMBER
Classification number HD38.2
Item number .R37 2007
082 04 - DEWEY DECIMAL CLASSIFICATION NUMBER
Classification number 658.4/09
Edition information 22
084 ## - OTHER CLASSIFICATION NUMBER
Classification number CR 7000
Number source rvk
084 ## - OTHER CLASSIFICATION NUMBER
Classification number WIR 705f
Number source stub
092 ## - LOCALLY ASSIGNED DEWEY CALL NUMBER (OCLC)
Classification number 658.4 Rat 2007
092 ## - LOCALLY ASSIGNED DEWEY CALL NUMBER (OCLC)
Classification number 658.4 Rat 2007
001 - CONTROL NUMBER
control field data
100 1# - MAIN ENTRY--PERSONAL NAME
Personal name Rath, Tom,
Dates associated with a name 1975-
245 10 - TITLE STATEMENT
Title Strengths finder 2.0 /
Statement of responsibility, etc. Tom Rath.
260 ## - PUBLICATION, DISTRIBUTION, ETC.
Place of publication, distribution, etc. New York :
Name of publisher, distributor, etc. Gallup Press,
Date of publication, distribution, etc. c2007.
300 ## - PHYSICAL DESCRIPTION
Extent vii, 175 p. ;
Dimensions 19 cm.
500 ## - GENERAL NOTE
General note Packet inserted on p. [3] of cover contains card with access code to the StrengthsFinder 2.0 assessment, program, and website.
504 ## - BIBLIOGRAPHY, ETC. NOTE
Bibliography, etc. note Includes bibliographical references.
505 0# - FORMATTED CONTENTS NOTE
Formatted contents note Finding your strengths : an introduction -- Applying your strengths : the 34 themes and ideas for action. Achiever ; Activator ; Adaptability ; Analytical ; Arranger ; Belief ; Command ; Communication ; Competition ; Connectedness ; Consistency ; Context ; Deliberative ; Developer ; Discipline ; Empathy ; Focus ; Futuristic ; Harmony ; Ideation ; Includer ; Individualization ; Input ; Intellection ; Learner ; Maximizer ; Positivity ; Relator ; Responsibility ; Restorative ; Self-assurance ; Significance ; Strategic ; Woo -- VFAQ (very frequently asked question) -- Learn more.
520 ## - SUMMARY, ETC.
Summary, etc. To help people uncover their talents, Gallup introduced the first version of its online assessment, StrengthsFinder, in the 2001 management book Now, Discover Your Strengths. The book has spent more than five years on bestseller lists and ignited a global conversation, while StrengthsFinder has helped millions discover their top five talents. In StrengthsFinder 2.0, Gallup unveils the new and improved version of its popular assessment and much more. Loaded with hundreds of strategies for applying your strengths, this new book and accompanying website will change the way you look at yourself-- and the world around you--forever.
650 #0 - SUBJECT ADDED ENTRY--TOPICAL TERM
Topical term or geographic name entry element Executive ability.
650 #0 - SUBJECT ADDED ENTRY--TOPICAL TERM
Topical term or geographic name entry element Ability.
650 #0 - SUBJECT ADDED ENTRY--TOPICAL TERM
Topical term or geographic name entry element Performance.
650 #0 - SUBJECT ADDED ENTRY--TOPICAL TERM
Topical term or geographic name entry element Success in business.
650 #0 - SUBJECT ADDED ENTRY--TOPICAL TERM
Topical term or geographic name entry element Conduct of life.
856 42 - ELECTRONIC LOCATION AND ACCESS
Materials specified Publisher description
Uniform Resource Identifier <a href="http://www.loc.gov/catdir/enhancements/fy1412/2006938575-d.html">http://www.loc.gov/catdir/enhancements/fy1412/2006938575-d.html</a>
Holdings
Withdrawn status Lost status Damaged status Not for loan Home library Current library Shelving location Date acquired Total checkouts Full call number Barcode Date last seen Price effective from Koha item type
        Franklin Franklin General stacks 22/03/2026   658.4/09 22 BC0010961 22/03/2026 22/03/2026 Books